00426 a2200157 45000010006000000050017000060080041000230030015000640400040000790800027001192450038001462640035001843000019002190410008002381000022002466220820260407155916.0260407a1979 arg spa dAR-UNSa-BCEJYS aAR-UNSa-BCEJYSbspacAR-UNSa-BCEJYS a369xSeguridad social 10aManual de asignaciones familiares 1aBuenos Aires :bCangalloc1979 a333 p.c23 cm. aspa1 aRubio, Valentín